Strongest country/empire in every century - Statistics

General Stats
  • This quiz has been taken 243 times
  • The average score is 14 of 27
Answer Stats
Hint Answer % Correct
21TH CENTURY USA
96%
20TH CENTURY Soviet Union
92%
19TH CENTURY British empire
79%
16TH CENTURY Ottoman empire
78%
15TH CENTURY Ottoman empire
78%
4TH CENTURY Roman empire
77%
3RD CENTURY Roman empire
77%
2ND CENTURY Roman empire
77%
1ST CENTURY Roman empire
77%
17TH CENTURY Spanish empire
76%
18TH CENTURY Russian Empire
65%
13TH CENTURY Mongol empire
63%
12TH CENTURY Holy roman empire
60%
9TH CENTURY Frankish empire
53%
5TH CENTURY BC Achaemenid empire
52%
6TH CENTURY BC Achaemenid empire
52%
10TH CENTURY Byzantine empire
45%
6TH CENTURY Byzantine empire
45%
4TH CENTURY BC Macedonian empire
36%
3RD CENTURY BC Carthage
17%
1ST CENTURY BC Roman republic
13%
2ND CENTURY BC Roman republic
13%
5TH CENTURY Huns
10%
8TH CENTURY Arab caliphate
9%
7TH CENTURY Arab caliphate
9%
11TH CENTURY Seljuk empire
8%
14TH CENTURY Tumurid empire
2%
No matching quizzes found
Score Distribution
Percent of People with Each Score
Percentile by Number Answered
Your Score History
You have not taken this quiz